| 000 | 00433nam a22001697a 4500 | ||
|---|---|---|---|
| 003 | MACL | ||
| 005 | 20160114173636.0 | ||
| 008 | 160114b xxu||||| |||| 00| 0 eng d | ||
| 040 | _cMACL | ||
| 041 | _aEnglish | ||
| 082 | _a400/CHA | ||
| 100 |
_aChaudhari Bharti _932438 |
||
| 245 | _aRight Way To Improve Your Vocabulary | ||
| 260 |
_aNew Delhi _bPacefic Books International _c2012 |
||
| 650 |
_aLanguage _932439 |
||
| 942 |
_2ddc _cBK |
||
| 999 |
_c52343 _d52343 |
||